[Event "Innsbruck op-A 2nd"]
[Site "Innsbruck"]
[Date "2018.08.26"]
[Round "2"]
[White "Karakas, Evrim"]
[Black "Steindl, Johannes"]
[Result "0-1"]
[WhiteElo "2018"]
[BlackElo "2185"]
[PlyCount "64"]
[EventDate "2018.08.24"]
[EventType "swiss"]
[EventRounds "9"]
[EventCountry "AUT"]
[SourceTitle "CBM 186 Extra"]
[Source "ChessBase"]
[SourceDate "2018.08.24"]
[SourceVersion "1"]
[SourceVersionDate "2018.08.24"]
[SourceQuality "1"]

1. Nf3 Nf6 2. g3 d5 3. Bg2 e6 4. d3 Be7 5. c3 c5 6. Qc2 Nc6 7. Nbd2 0-0 8. 0-0 Qc7 9. e4 b5 10. Re1 Bb7 11. exd5 Nxd5 12. Nf1 h6 13. Ne3 Nf6 14. Qe2 Rfd8 15. Nc2 b4 16. d4 cxd4 17. cxd4 a5 18. Bf4 Qb6 19. Be3 Nd5 20. Nd2 Ba6 21. Qg4 Nxe3 22. fxe3 Rac8 23. Rec1 Ne5 24. Qd1 Nd3 25. Rcb1 e5 26. Nf3 exd4 27. Ncxd4 Bg5 28. Nxg5 Rxd4 29. Nh3 Re4 30. Qd2 Rxe3 31. Kh1 Rce8 32. Rf1 Re2 0-1